Understanding Part L- update (Record no. 71763)

MARC details
000 -LEADER
fixed length control field 01025cam a2200217 4500
001 - CONTROL NUMBER
control field ABS66204
008 - FIXED-LENGTH DATA ELEMENTS--GENERAL INFORMATION
fixed length control field 021213n2002 000 0 eng u
035 ## - SYSTEM CONTROL NUMBER
System control number (Sirsi) u120771
100 ## - MAIN ENTRY--PERSONAL NAME
Personal name Williams, A.
245 ## - TITLE STATEMENT
Title Understanding Part L- update
260 ## - PUBLICATION, DISTRIBUTION, ETC.
Date of publication, distribution, etc. 2002
490 ## - SERIES STATEMENT
Series statement Architects' Journal
Volume/sequential designation 216(18) 14 November 2002, 43-57(9)
520 ## - SUMMARY, ETC.
Summary, etc. Reviews the introduction of Approved Document L "Conservation of heat and power". "Part L compliance with total confidence" looks at how the revisions impacted on the roofing and cladding industry. "Real slim shady" examines some of the implications for the designer of the requirement on limiting solar overheating. "Attention to detail" gives an overview of robust details.
590 ## - LOCAL NOTE (RLIN)
Local note ABS
650 ## - SUBJECT ADDED ENTRY--TOPICAL TERM
Topical term or geographic name entry element BUILDING REGULATIONS 2000 APPROVED DOCUMENT L1 (2002 EDITION)
650 ## - SUBJECT ADDED ENTRY--TOPICAL TERM
Topical term or geographic name entry element BUILDING REGULATIONS 2000 APPROVED DOCUMENT L2 (2002 EDITION)
690 ## - LOCAL SUBJECT ADDED ENTRY--TOPICAL TERM (OCLC, RLIN)
Topical term or geographic name as entry element BUILT ENVIRONMENT-BUILDING STANDARDS
700 ## - ADDED ENTRY--PERSONAL NAME
Personal name Sandhu, D.
700 ## - ADDED ENTRY--PERSONAL NAME
Personal name Littlefair, P.
942 ## - ADDED ENTRY ELEMENTS (KOHA)
Suppress in OPAC 0
Holdings
Withdrawn status Lost status Source of classification or shelving scheme Damaged status Not for loan Home library Current library Shelving location Date acquired Total Checkouts Full call number Barcode Date last seen Copy number Price effective from Koha item type
    Dewey Decimal Classification     London London Journal article 13/12/2002   ABS66204 120771-1001 06/08/2019 1 06/08/2019 Journal article